<?xml version="1.0" encoding="UTF-8"?>
<record
    xmlns:xsi="http://www.w3.org/2001/XMLSchema-instance"
    xsi:schemaLocation="http://www.loc.gov/MARC21/slim http://www.loc.gov/standards/marcxml/schema/MARC21slim.xsd"
    xmlns="http://www.loc.gov/MARC21/slim">

  <leader>00759nas a2200205 i 4500</leader>
  <controlfield tag="005">20220817052107.0</controlfield>
  <controlfield tag="008">220804b        |||br|p|r|||| 00| 0 spa d</controlfield>
  <datafield tag="022" ind1=" " ind2=" ">
    <subfield code="a">1870-347X</subfield>
  </datafield>
  <datafield tag="040" ind1=" " ind2=" ">
    <subfield code="a">CHAP</subfield>
  </datafield>
  <datafield tag="041" ind1=" " ind2=" ">
    <subfield code="b">SPA</subfield>
  </datafield>
  <datafield tag="110" ind1="0" ind2=" ">
    <subfield code="9">116550</subfield>
    <subfield code="a">Universidad Nacional Aut&#xF3;noma de M&#xE9;xico. Instituto de Ingenier&#xED;a</subfield>
  </datafield>
  <datafield tag="245" ind1=" " ind2=" ">
    <subfield code="a">Gaceta del Instituto de Ingenier&#xED;a.</subfield>
    <subfield code="c">/ Universidad Nacional Aut&#xF3;noma de M&#xE9;xico. Instituto de Ingenier&#xED;a </subfield>
  </datafield>
  <datafield tag="260" ind1=" " ind2=" ">
    <subfield code="a">M&#xE9;xico :</subfield>
    <subfield code="b">UNAM, Instituto de Ingenier&#xED;a,</subfield>
    <subfield code="c">2017</subfield>
  </datafield>
  <datafield tag="300" ind1=" " ind2=" ">
    <subfield code="a">v.</subfield>
  </datafield>
  <datafield tag="310" ind1=" " ind2=" ">
    <subfield code="a">Bimestral</subfield>
  </datafield>
  <datafield tag="530" ind1=" " ind2=" ">
    <subfield code="a">Tambi&#xE9;n disponible en l&#xED;nea.  </subfield>
  </datafield>
  <datafield tag="650" ind1=" " ind2="0">
    <subfield code="9">146990</subfield>
    <subfield code="a">1.Ingenier&#xED;a</subfield>
  </datafield>
  <datafield tag="856" ind1=" " ind2=" ">
    <subfield code="u">Disponible en l&#xED;nea:</subfield>
    <subfield code="y">http://www.ii.unam.mx/es-mx/AlmacenDigital/Gaceta/Paginas/default.aspx</subfield>
  </datafield>
  <datafield tag="942" ind1=" " ind2=" ">
    <subfield code="2">local</subfield>
    <subfield code="c">ISSUE</subfield>
  </datafield>
  <datafield tag="999" ind1=" " ind2=" ">
    <subfield code="c">217540</subfield>
    <subfield code="d">217540</subfield>
  </datafield>
  <datafield tag="952" ind1=" " ind2=" ">
    <subfield code="0">0</subfield>
    <subfield code="1">0</subfield>
    <subfield code="2">local</subfield>
    <subfield code="4">0</subfield>
    <subfield code="5">1</subfield>
    <subfield code="7">0</subfield>
    <subfield code="8">PS</subfield>
    <subfield code="a">BC</subfield>
    <subfield code="b">BC</subfield>
    <subfield code="c">PB_PS</subfield>
    <subfield code="d">2022-08-04</subfield>
    <subfield code="h">N&#xFA;mero 126, Julio - Agosto 2017</subfield>
    <subfield code="l">0</subfield>
    <subfield code="p">H-BC-00000001</subfield>
    <subfield code="r">2022-08-04 00:00:00</subfield>
    <subfield code="w">2022-08-04</subfield>
    <subfield code="y">ISSUE</subfield>
  </datafield>
  <datafield tag="952" ind1=" " ind2=" ">
    <subfield code="0">0</subfield>
    <subfield code="1">0</subfield>
    <subfield code="2">local</subfield>
    <subfield code="4">0</subfield>
    <subfield code="5">1</subfield>
    <subfield code="7">0</subfield>
    <subfield code="8">PS</subfield>
    <subfield code="a">BC</subfield>
    <subfield code="b">BC</subfield>
    <subfield code="c">PB_PS</subfield>
    <subfield code="d">2025-10-31</subfield>
    <subfield code="h">N&#xFA;mero 128, Noviembre- Diciembre 2017</subfield>
    <subfield code="l">0</subfield>
    <subfield code="o">Revista</subfield>
    <subfield code="p">BC-H-00023863</subfield>
    <subfield code="r">2025-10-31 14:46:26</subfield>
    <subfield code="w">2025-10-31</subfield>
    <subfield code="y">ISSUE</subfield>
  </datafield>
</record>
